Physics of plastics : processing, properties, and materials engineering /
Guardado en:
| Autor Principal: | |
|---|---|
| Otros Autores: | , |
| Formato: | Libro |
| Idioma: | English |
| Publicado: |
Munich : New York :
Hanser Publishers ; Distributed in the United States of America and Canada by Oxford University Press,
c1992.
|
| Materias: | |
| Acceso en línea: | Descripción Tabla de contenido |
| Etiquetas: |
Agregar Etiqueta
Sin Etiquetas, Sea el primero en etiquetar este registro!
|
| LEADER | 01396pam a22003255a 4500 | ||
|---|---|---|---|
| 001 | EIQ.libpla003599 | ||
| 008 | 910619s1992####gw#ao####b####001#0#eng#d | ||
| 005 | 20080221184442.0 | ||
| 245 | 1 | 0 | |a Physics of plastics : |b processing, properties, and materials engineering / |c Arthur W. Birley, Barry Haworth, Jim Batchelor. |
| 260 | |a Munich : |b Hanser Publishers ; |a New York : |b Distributed in the United States of America and Canada by Oxford University Press, |c c1992. | ||
| 300 | |a xxi, 528 p. : |b il., fotos ; |c 25 cm. | ||
| 504 | |a Incluye referencias bibliográficas e índice. | ||
| 020 | |a 0195207823 | ||
| 020 | |a 0195209184 (pbk.) | ||
| 100 | 1 | |a Birley, Arthur W. | |
| 700 | 1 | |a Haworth, Barry. | |
| 700 | 1 | |a Batchelor, Jim. | |
| 082 | 0 | 0 | |a 620.1/92392 |2 20 |
| 650 | 4 | |a Plásticos |x Propiedades mecánicas. | |
| 650 | 4 | |a Plásticos |x Moldeado. | |
| 650 | 4 | |a Plásticos |x Extrusión. | |
| 650 | 0 | |a Plastics |x Molding. | |
| 650 | 0 | |a Plastics |x Extrusion. | |
| 650 | 0 | |a Plastics |x Mechanical properties. | |
| 010 | |a 91073381 | ||
| 040 | |a DLC |c DLC |d AR-BbSID | ||
| 856 | 4 | 2 | |3 Descripción |u http://www.loc.gov/catdir/enhancements/fy0639/91073381-d.html |
| 856 | 4 | 1 | |3 Tabla de contenido |u http://www.loc.gov/catdir/enhancements/fy0639/91073381-t.html |
| 859 | |a AR-BbSID |b BIB. PLAPIQUI |h 620.192 392 |i B 53 |p 5238 |t Ej. 1 |v Ej. 1 | ||
| 859 | |a AR-BbSID |b BIB. PLAPIQUI |h 620.192 392 |i B 53 |p 5408 |t Ej. 2 |v Ej. 2 | ||
